000 00904cam a22002651i 4500
003 SA-RiAUC
005 20250910131901.0
008 250907s1956 ua g f00010 ara c
040 _aSA-RiAUC
_bara
_cSA-RiAUC
_erda
050 4 _b.A23 1956
082 0 4 _a251
_qSA-RiAUC
090 _a251
_bع ب د ل
100 1 _aعبد الله، عمر
_eمؤلف.
245 1 0 _aسلم الوصول لعلم الأصول /
_cعمر عبد الله.
246 3 0 _aعلم الأصول
250 _aالطبعة الأولى.
264 1 _aالقاهرة :
_bدار المعارف،
_c1956
300 _a270 صفحة ؛
_c23 سم
336 _aنص
_btxt
_2rdacontent
_3كتاب
337 _aبدون وسيط
_bn
_2rdamedia
338 _aمجلد
_bnc
_2rdacarrier
650 7 _aأصول الفقه الإسلامي
_2aucsh
942 _2ddc
_cBOOK
_n0
949 _aSA-JeALM
_d250907
_umohamedma123
_n1
999 _c11591
_d11591